Super Mario 3D World Worlds by Courses - Statistics

General Stats
  • This quiz has been taken 67 times
    34 since last reset
  • The average score is 49 of 117
Answer Stats
Hint Answer % Correct
A Banquet with Hisstocrat World 3
83%
Ant Trooper Hill World 4
83%
Beep Block Skyway World 4
67%
Big Bounce Byway World 4
67%
Backstreet Bustle World 5
67%
Conkdor Canyon World 2
58%
Captain Toad Makes a Splash World 3
58%
Mystery House Mad Dash World 4
58%
Bob-ombs Below World 5
58%
A Beam in the Dark World Bowser
58%
Back to Hands-On Hall World Mushroom
58%
Bowser's Highway Showdown World 1
50%
Captain Toad Goes Forth World 1
50%
Mount Beanpole World 1
50%
Super Bell Hill World 1
50%
Big Galoomba Blockade World 2
50%
Double Cherry Pass World 2
50%
Magikoopa Blockade World 3
50%
Mount Must Dash World 3
50%
Brolder Blockade World 4
50%
Spike's Lost City World 4
50%
Cakewalk Flip World 5
50%
Captain Toad Plays Peek-a-Boo World 5
50%
Chargin' Chuck Blockade Is Back World 5
50%
Clear Pipe Cruise World 6
50%
Fuzzy Time Mine World 6
50%
Hands-On Hall World 6
50%
Motley Bossblob's Big Battle World 6
50%
Boiling Blue Bully Belt World Castle
50%
Bowser's Lava Lake Keep World Castle
50%
Brolder Blockade Is Back World Castle
50%
Fort Fire Bros. World Castle
50%
Cookie Cogworks World Bowser
50%
Grumblump Inferno World Bowser
50%
The Great Tower of Bowser Land World Bowser
50%
Cosmic Cannon Cluster World Star
50%
Super Galaxy World Star
50%
Blast Block Skyway World Flower
50%
Captain Toad's Fiery Finale World Crown
50%
Champion's Road World Crown
50%
Mystery House Marathon World Crown
50%
Chargin' Chuck Blockade World 1
42%
Koopa Troopa Cave World 1
42%
Plessie's Plunging Falls World 1
42%
Bowser's Bullet Bill Brigade World 2
42%
Mystery House Melee World 2
42%
Really Rolling Hills World 2
42%
Shadow-Play Alley World 2
42%
Chain-Link Charge World 3
42%
Pipeline Lagoon World 3
42%
Pretty Plaza Panic World 3
42%
Shifty Boo Mansion World 3
42%
Snowball Park World 3
42%
Piranha Creeper Creek World 4
42%
Coin Express World 5
42%
King Ka-thunk's Castle World 5
42%
Fire Bros. Hideout #3 World 6
42%
Mystery House Throwdown World 6
42%
Fire Bros. Hideout #4 World Castle
42%
Prince Bully Blockade Is Back World Castle
42%
Red-Hot Run World Castle
42%
Simmering Lava Lake World Castle
42%
Trick Trap Tower World Castle
42%
Deepwater Dungeon World Bowser
42%
Hisstocrat Returns World Bowser
42%
Motley Bossblob's Encore World Bowser
42%
Mystery House Claw Climb World Bowser
42%
Gargantuan Grotto World Star
42%
Honeycomb Starway World Star
42%
Peepa's Fog Bog World Star
42%
Rainbow Run World Star
42%
Super Block Land World Star
42%
The Great Goal Pole World Star
42%
Deep-Black Jungle Drift World Mushroom
42%
Night Falls on Really Rolling Hills World Mushroom
42%
Spiky Mount Beanpole World Mushroom
42%
Boss Blitz World Flower
42%
Floating Fuzzy Time Mine World Flower
42%
Switch Scramble Circus World 1
33%
Puffprod Peaks World 2
33%
Fire Bros. Hideout #1 World 4
33%
Lava Rock Lair World 4
33%
Fire Bros. Hideout #2 World 5
33%
Searchlight Sneak World 5
33%
Sprawling Savanna World 5
33%
Sunshine Seaside World 5
33%
Tricky Trapeze Theater World 5
33%
Bullet Bill Base World 6
33%
Prince Bully Blockade World 6
33%
Ty-Foo Flurries World 6
33%
Captain Toad Takes a Spin World Star
33%
Mystery House Brawl World Mushroom
33%
Faster Fort Fire Bros. World Flower
33%
Honeycomb Skyway World Flower
33%
Pipeline Boom Lagoon World Flower
33%
Piranha Creeper Creek after Dark World Flower
33%
Sprawling Savanna Rabbit Run World Flower
33%
Towering Sunshine Seaside World Flower
33%
Switchboard Falls World 3
25%
Bowser's Bob-omb Brigade World 6
25%
Deep Jungle Drift World 6
25%
Spooky Seasick Wreck World 6
25%
Captain Toad Gets Thwomped World Castle
25%
Rammerhead Reef World Castle
25%
Switchblack Ruins World Castle
25%
Footlight Lane World Bowser
25%
Plessie's Dune Downhill World Bowser
25%
The Bowser Express World Bowser
25%
Rolling Ride Run World Star
25%
Broken Blue Bully Belt World Mushroom
25%
Gigantic Seasick Wreck World Mushroom
25%
Trouble in Shadow-Play Alley World Mushroom
25%
Shiftier Boo Mansion World Flower
25%
The Bullet Bill Express World 3
17%
Spiky Spike Bridge World Bowser
17%
Spiky Spike Bridge Sneak World Flower
17%
Switch Shock Circus World Flower
17%
No matching quizzes found
Score Distribution
Percent of People with Each Score
Percentile by Number Answered
Your Score History
You have not taken this quiz since the last reset